| 000 | 00395nam a22001697a 4500 | ||
|---|---|---|---|
| 003 | OSt | ||
| 008 | 201117b ||||| |||| 00| 0 eng d | ||
| 020 | _a9788180548567 | ||
| 100 | _aGUPTA, R. L. | ||
| 245 | _aFinancial Accounting | ||
| 250 | _a1 ed | ||
| 260 |
_aNew Delhi _bSultan Chand & Sons _c2018 |
||
| 300 | _a3217 | ||
| 650 | _aB.Com. Hons | ||
| 700 | _aGUPTA, V. K. | ||
| 942 |
_2ddc _cBK |
||
| 999 |
_c9126 _d9126 |
||